MARC

LEADER 00000nam0a2200000 4500
001 28620
005 20231030202915.0
010 |a 5875470011 
035 |a (RuTPU)RU\TPU\book\28877 
035 |a BOOK00028952 
090 |a 28620 
100 |a 20011209d1992 u y0rusy50 ca 
101 0 |a rus 
102 |a RU 
105 |a  000|y 
200 1 |a Ремонт бытовых швейных машин  |f А. И. Зюзин 
210 |a Нижний Новгород  |c Нижегородский листок  |d 1992 
215 |a 379 с. 
610 1 |a бытовая техника 
610 1 |a швейные машины 
610 1 |a ремонт 
675 |a 646  |v 3 
700 1 |a Зюзин  |b А. И 
801 0 |a RU  |b 63413507  |c 20011209  |g PSBO 
801 2 |a RU  |b 63413507  |c 20090819  |g RCR 
942 |c BK